The Delaware Canal ; a picture story /

Bibliographic Details
Main Author: McClellan, Robert J., 1906-
Format: Book
Language:English
Published: New Brunswick, N.J. : Rutgers University Press, [1967]
Subjects:

MARC

Tag First Indicator Second Indicator Subfields
LEADER 00000cam a2200000 4500
001 in00000698321
005 20151016051822.0
008 750619s1967 njuabc 00010 eng u
010 |a  67029188  
035 |a (OCoLC)01400657 
035 |9 ADB3582AM 
040 |c SYB  |d TXA  |d UtOrBLW 
049 |a TXAM  |c [528385] 
050 0 0 |a TC625.D3  |b M3 
082 0 |a 386/.48/09749 
100 1 |a McClellan, Robert J.,  |d 1906- 
245 1 4 |a The Delaware Canal ;  |b a picture story /  |c by Robert J. McClellan. 
264 1 |a New Brunswick, N.J. :  |b Rutgers University Press,  |c [1967] 
300 |a xv, 111 pages :  |b illustrations, maps, portraits ;  |c 25 cm. 
336 |a text  |b txt  |2 rdacontent 
337 |a unmediated  |b n  |2 rdamedia 
338 |a volume  |b nc  |2 rdacarrier 
651 0 |a Delaware Canal. 
999 |a MARS 
999 f f |s 17830809-51b5-35d7-b334-b1998ec6288d  |i 558f8f64-c2a0-3e7b-b979-813a5c9c5afa  |t 0 
952 f f |p ric  |a Texas A&M University  |b Rellis Campus  |c Joint Library Facility  |d Remote Storage  |t 0  |e TC625.D3 M3  |h Library of Congress classification  |i unmediated -- volume  |m A14805353829 
998 f f |a TC625.D3 M3  |t 0  |l Remote Storage